Statistics for Countries with Highest Homocide Rates

Click here to take the quiz!

General Stats

  • This quiz has been taken 143 times
  • The average score is 9 of 20

Answer Stats

RateCountry% Correct
31.8South Africa
78%
31.4Colombia
76%
91.6Honduras
70%
45.1Venezuela
70%
30.8Republic of the Congo
68%
69.2El Salvador
63%
38.5Guatemala
62%
40.9Jamaica
56%
41.4Belize
54%
36.3Uganda
41%
25.5Ethiopia
40%
35.2Lesotho
34%
38.0Zambia
34%
29.3Central African Republic
33%
36.0Malawi
30%
56.9Côte d'Ivoire
29%
27.4Bahamas
28%
25.2Saint Lucia
21%
35.2Trinidad and Tobago
21%
38.2Saint Kitts and Nevis
14%

Score Distribution

Percentile by Number Answered

Percent of People with Each Score

Your Score History

You have not taken this quiz